<?xml version="1.0" encoding="UTF-8"?>
<record
    xmlns:xsi="http://www.w3.org/2001/XMLSchema-instance"
    xsi:schemaLocation="http://www.loc.gov/MARC21/slim http://www.loc.gov/standards/marcxml/schema/MARC21slim.xsd"
    xmlns="http://www.loc.gov/MARC21/slim">

  <leader>01068nam a22002417a 4500</leader>
  <controlfield tag="005">20130610115658.0</controlfield>
  <controlfield tag="008">090728t        xxu||||| |||| 00| 0 pun d</controlfield>
  <datafield tag="010" ind1=" " ind2=" ">
    <subfield code="a">PUN-7468      B-494114-118</subfield>
  </datafield>
  <datafield tag="020" ind1=" " ind2=" ">
    <subfield code="c">400.00</subfield>
    <subfield code="a">9788179144947</subfield>
  </datafield>
  <datafield tag="035" ind1=" " ind2=" ">
    <subfield code="a">PN-6586         B-494114-118</subfield>
  </datafield>
  <datafield tag="037" ind1=" " ind2=" ">
    <subfield code="b">DBAD / PUB/Tarlochan Publishers</subfield>
  </datafield>
  <datafield tag="037" ind1=" " ind2=" ">
    <subfield code="b">BPPD/KKP</subfield>
  </datafield>
  <datafield tag="040" ind1=" " ind2=" ">
    <subfield code="a">dpl</subfield>
    <subfield code="b">PN</subfield>
  </datafield>
  <datafield tag="082" ind1=" " ind2=" ">
    <subfield code="a">&#xA15;</subfield>
  </datafield>
  <datafield tag="245" ind1=" " ind2=" ">
    <subfield code="a">&#xA24;&#xA30;&#xA32;&#xA4B;&#xA15; &#xA2E;&#xA28;&#xA38;&#xA42;&#xA30; &#xA26;&#xA40;&#xA06;&#xA02; &#xA15;&#xA39;&#xA3E;&#xA2E;&#xA40;&#xA06;&#xA02; /</subfield>
    <subfield code="c">&#xA2C;&#xA32;&#xA1C;&#xA40;&#xA24; &#xA38;&#xA3F;&#xA70;&#xA18; &#xA26;&#xA4D;&#xA35;&#xA3E;&#xA30;&#xA3E; &#xA38;&#xA70;&#xA2A;&#xA3E;&#xA26;&#xA3F;&#xA24;</subfield>
  </datafield>
  <datafield tag="246" ind1=" " ind2=" ">
    <subfield code="a">Tarlok Mansoor dian kahanian</subfield>
    <subfield code="b">ed by Baljit Singh</subfield>
  </datafield>
  <datafield tag="260" ind1=" " ind2=" ">
    <subfield code="a">Delhi</subfield>
    <subfield code="b">Tarlochan Publishers</subfield>
    <subfield code="c">2012</subfield>
  </datafield>
  <datafield tag="270" ind1=" " ind2=" ">
    <subfield code="b">Shop No-7,12/190 ,Geeta Colony</subfield>
    <subfield code="a">Delhi</subfield>
    <subfield code="k">9312271252</subfield>
    <subfield code="e">110031</subfield>
    <subfield code="m">manpreet1948@gmail.com</subfield>
  </datafield>
  <datafield tag="300" ind1=" " ind2=" ">
    <subfield code="a">336&#xA2A;&#xA02;;</subfield>
    <subfield code="b">22&#xA38;&#xA47;&#xA02;&#xA2E;&#xA40;(&#xA38;&#xA1C;&#xA3F;&#xA32;&#xA26;)</subfield>
  </datafield>
  <datafield tag="700" ind1=" " ind2=" ">
    <subfield code="9">53424</subfield>
    <subfield code="a">&#xA2C;&#xA32;&#xA1C;&#xA40;&#xA24; &#xA38;&#xA3F;&#xA70;&#xA18;</subfield>
  </datafield>
  <datafield tag="942" ind1=" " ind2=" ">
    <subfield code="2">ddc</subfield>
    <subfield code="c">PN</subfield>
    <subfield code="h">&#xA15;</subfield>
    <subfield code="m">&#xA24;&#xA30;&#xA32;&#xA4B;</subfield>
  </datafield>
  <datafield tag="999" ind1=" " ind2=" ">
    <subfield code="c">71313</subfield>
    <subfield code="d">71313</subfield>
  </datafield>
  <datafield tag="952" ind1=" " ind2=" ">
    <subfield code="0">0</subfield>
    <subfield code="1">0</subfield>
    <subfield code="2">ddc</subfield>
    <subfield code="4">0</subfield>
    <subfield code="7">0</subfield>
    <subfield code="8">FIC</subfield>
    <subfield code="a">DBAD</subfield>
    <subfield code="b">DBAD</subfield>
    <subfield code="d">2012-11-07</subfield>
    <subfield code="e">DBAD / PUB</subfield>
    <subfield code="g">400.00</subfield>
    <subfield code="l">0</subfield>
    <subfield code="o">&#xA15; &#xA24;&#xA30;&#xA32;&#xA4B;</subfield>
    <subfield code="p">PN-6586</subfield>
    <subfield code="r">2012-11-07 00:00:00</subfield>
    <subfield code="t">1</subfield>
    <subfield code="v">400.00</subfield>
    <subfield code="w">2012-11-07</subfield>
    <subfield code="y">PN</subfield>
  </datafield>
  <datafield tag="952" ind1=" " ind2=" ">
    <subfield code="0">0</subfield>
    <subfield code="1">0</subfield>
    <subfield code="2">ddc</subfield>
    <subfield code="4">0</subfield>
    <subfield code="7">0</subfield>
    <subfield code="8">FIC</subfield>
    <subfield code="a">L</subfield>
    <subfield code="b">L</subfield>
    <subfield code="d">2013-06-10</subfield>
    <subfield code="e">BPPD/162/21.2.13/2963/8.3.13/13.3.13</subfield>
    <subfield code="g">400.00</subfield>
    <subfield code="l">1</subfield>
    <subfield code="o">&#xA15; &#xA24;&#xA30;&#xA32;&#xA4B;</subfield>
    <subfield code="p">B-494114</subfield>
    <subfield code="r">2020-01-11 00:00:00</subfield>
    <subfield code="s">2020-01-07</subfield>
    <subfield code="t">1</subfield>
    <subfield code="v">400.00</subfield>
    <subfield code="w">2013-06-10</subfield>
    <subfield code="y">PN</subfield>
  </datafield>
  <datafield tag="952" ind1=" " ind2=" ">
    <subfield code="0">0</subfield>
    <subfield code="1">0</subfield>
    <subfield code="2">ddc</subfield>
    <subfield code="4">0</subfield>
    <subfield code="7">0</subfield>
    <subfield code="8">FIC</subfield>
    <subfield code="a">M</subfield>
    <subfield code="b">M</subfield>
    <subfield code="d">2013-06-10</subfield>
    <subfield code="e">BPPD/162/21.2.13/2963/8.3.13/13.3.13</subfield>
    <subfield code="g">400.00</subfield>
    <subfield code="l">0</subfield>
    <subfield code="o">&#xA15; &#xA24;&#xA30;&#xA32;&#xA4B;</subfield>
    <subfield code="p">B-494115</subfield>
    <subfield code="r">2013-06-10 00:00:00</subfield>
    <subfield code="t">1</subfield>
    <subfield code="v">400.00</subfield>
    <subfield code="y">PN</subfield>
  </datafield>
  <datafield tag="952" ind1=" " ind2=" ">
    <subfield code="0">0</subfield>
    <subfield code="1">0</subfield>
    <subfield code="2">ddc</subfield>
    <subfield code="4">0</subfield>
    <subfield code="7">0</subfield>
    <subfield code="8">FIC</subfield>
    <subfield code="a">M</subfield>
    <subfield code="b">M</subfield>
    <subfield code="d">2013-06-10</subfield>
    <subfield code="e">BPPD/162/21.2.13/2963/8.3.13/13.3.13</subfield>
    <subfield code="g">400.00</subfield>
    <subfield code="l">0</subfield>
    <subfield code="o">&#xA15; &#xA24;&#xA30;&#xA32;&#xA4B;</subfield>
    <subfield code="p">B-494116</subfield>
    <subfield code="r">2013-06-10 00:00:00</subfield>
    <subfield code="t">1</subfield>
    <subfield code="v">400.00</subfield>
    <subfield code="y">PN</subfield>
  </datafield>
  <datafield tag="952" ind1=" " ind2=" ">
    <subfield code="0">0</subfield>
    <subfield code="1">0</subfield>
    <subfield code="2">ddc</subfield>
    <subfield code="4">0</subfield>
    <subfield code="7">0</subfield>
    <subfield code="8">FIC</subfield>
    <subfield code="a">ZLS</subfield>
    <subfield code="b">ZLS</subfield>
    <subfield code="d">2013-06-10</subfield>
    <subfield code="e">BPPD/162/21.2.13/2963/8.3.13/13.3.13</subfield>
    <subfield code="g">400.00</subfield>
    <subfield code="l">0</subfield>
    <subfield code="o">&#xA15; &#xA24;&#xA30;&#xA32;&#xA4B;</subfield>
    <subfield code="p">B-494117</subfield>
    <subfield code="r">2013-06-10 00:00:00</subfield>
    <subfield code="t">1</subfield>
    <subfield code="v">400.00</subfield>
    <subfield code="y">PN</subfield>
  </datafield>
  <datafield tag="952" ind1=" " ind2=" ">
    <subfield code="0">0</subfield>
    <subfield code="1">0</subfield>
    <subfield code="2">ddc</subfield>
    <subfield code="4">0</subfield>
    <subfield code="7">0</subfield>
    <subfield code="8">FIC</subfield>
    <subfield code="a">RKP</subfield>
    <subfield code="b">RKP</subfield>
    <subfield code="d">2013-06-10</subfield>
    <subfield code="e">BPPD/162/21.2.13/2963/8.3.13/13.3.13</subfield>
    <subfield code="g">400.00</subfield>
    <subfield code="l">0</subfield>
    <subfield code="o">&#xA15; &#xA24;&#xA30;&#xA32;&#xA4B;</subfield>
    <subfield code="p">B-494118</subfield>
    <subfield code="r">2013-06-10 00:00:00</subfield>
    <subfield code="t">1</subfield>
    <subfield code="v">400.00</subfield>
    <subfield code="y">PN</subfield>
  </datafield>
</record>
